000 00737nmm a2200205Ia 4500
008 251105s9999||||xx |||||||||||||||||und||
020 _a9788436947519
041 _aspa
100 _aLópez Sobrino, Begoña
245 0 _aEl artículo y la columna. Mediascopio Prensa. La lectura de la prensa escrita en el aula
264 _a[Madrid, España] :
_bMinisterio de Educación, Cultura y Deporte de España,
_c2012
300 _a48 páginas
490 _aMediascopio (Serie Guías y Talleres)
650 _aMedia Studies (Journ., TV, etc)
700 _aLópez Sobrino, Begoña
700 1 _a López Cubino, Rafael
700 1 _a González Briones, Elena
856 _uhttps://public.digitaliapublishing.com/a/19306
942 _cCF
999 _c68016
_d68016